000 00262nam a2200097Ia 4500
008 201210s9999 xx 000 0 und d
100 _aBasu, Durga Das
245 0 _aIntroduction to the constitution of India
260 _aNew Delhi
_bPrentice Hall
_c1982
942 _cBK
999 _c5225
_d5225